MARC

LEADER 00000nam0a2200000 4500
001 14260
005 20231030185533.0
010 |a 0582749298 
035 |a (RuTPU)RU\TPU\book\14352 
035 |a BOOK00014420 
090 |a 14260 
100 |a 20011209d1996 m y0engy50 ba 
101 0 |a eng 
102 |a GB 
105 |a y j 000zy 
200 1 |a America in Close-UP  |f E. Fiedler, R. Jansen, M. Norman-Risch 
210 |c Longman  |d 1996 
215 |a 276 p. 
610 1 |a английский язык 
610 1 |a учебные пособия 
610 1 |a хрестоматии 
610 1 |a книги для чтения 
610 1 |a США 
610 1 |a Америка 
610 1 |a страноведение 
686 |a Ш143.21-923.8  |v LBC/SL-A  |2 rubbk 
700 1 |a Fiedler  |b E.  |g Eckhard 
701 1 |a Jansen  |b R.  |g Reimer 
701 1 |a Norman-Risch  |b M.  |g Mil 
801 0 |a RU  |b 63413507  |c 20011209  |g PSBO 
801 2 |a RU  |b 63413507  |c 20221129  |g PSBO 
942 |c BK